| 000 | 00720nam a2200217 a 4500 | ||
|---|---|---|---|
| 005 | 20241004063722.0 | ||
| 008 | 010522s1996 es r 000 0 eng d | ||
| 020 | _a8477382719 | ||
| 035 | _aUPN01000106621 | ||
| 049 | _aCG | ||
| 050 | 4 |
_aBF39 _bM3.6 |
|
| 100 | 1 |
_aMartínez Arias, Rosario _929675 |
|
| 245 | 1 | 0 |
_aPsicometría : _bteoría de los tests psicológicos y educativos / _cRosario Martínez Arias. |
| 260 |
_aMadrid : _bSíntesis, _c1996. |
||
| 300 |
_a815 p. : _bfigs., tablas |
||
| 440 | 0 |
_aSíntesis psicología. _pMetodología de las ciencias del comportamiento |
|
| 650 | 4 |
_aPsicometría _99969 |
|
| 650 | 4 |
_aPSICOLOGIA - _xMETODOS ESTADISTICOS _96558 |
|
| 650 | 4 | _aPRUEBAS PSICOLOGICAS | |
| 905 | _aLibro | ||
| 999 |
_c80533 _d80533 |
||